000 01671nam a2200505 i 4500
001 14812
003 KOSZ 005
005 20220317145657.0
008 070608s1972 pl a f 001 0 pol
015 _aPB 1972/3243
035 _a991035175929705066
035 _a(PL-WaBN)b19459270-48omnis_nlop
035 _ab19459270
035 _a(OCoLC)749290507
035 _a(PL)b0000001945927
035 _a(EXLNZ-48OMNIS_NETWORK)9910455828105606
040 _aWA N
_cWA N
_dKOSZ 005/KK
_dKOSZ 005/HR
041 1 _apol
_hrus
046 _k1972
080 _a613.1
080 _a628.5
100 1 _aČeskin, M. S.
_eAutor
245 1 0 _aCzłowiek i hałas /
_cM. S. Czeskin ; [z języka rosyjskiego przełożył Ludwik Garmada].
246 1 _iTytuł oryginału:
_aNezrimyj vrag
260 _a[Warszawa] :
_bPaństwowe Wydawnictwo Naukowe,
_c1972.
300 _a191 stron ;
_c18 cm.
336 _2rdacontent
_aTekst
_btxt
337 _2rdamedia
_aBez urządzenia pośredniczącego
_bn
338 _2rdacarrier
_aWolumin
_bnc
380 _aKsiążki
388 _a1901-2000
490 1 _aBiblioteka Problemów ;
_vt. 172
504 _aIndeks.
650 7 _aHałas
_2DBN
650 7 _aWpływ na zdrowie
650 7 _aZwalczanie
650 2 _aHałas
658 _aInżynieria i technika
700 1 _aGarmada, Ludwik
_d(1917- )
_eTłumaczenie
710 2 _aPaństwowe Wydawnictwo Naukowe
830 0 _aBiblioteka Problemów
_vt. 172
856 _uhttp://koha.tu.koszalin.pl/cgi-bin/koha/opac-detail.pl?biblionumber=14812
_yKatalog online BPK
942 _2UKD
_cKS
999 _c14812
_d14812